| 000 -LEADER |
| fixed length control field |
01242cam a2200289 a 4500 |
| 001 - CONTROL NUMBER |
| control field |
544725 |
| 003 - CONTROL NUMBER IDENTIFIER |
| control field |
SCU |
| 005 - DATE AND TIME OF LATEST TRANSACTION |
| control field |
20190724105416.0 |
| 008 - FIXED-LENGTH DATA ELEMENTS--GENERAL INFORMATION |
| fixed length control field |
110210r20092008maub j 000 1 eng d |
| 010 ## - LIBRARY OF CONGRESS CONTROL NUMBER |
| LC control number |
bl2011002170 |
| 020 ## - INTERNATIONAL STANDARD BOOK NUMBER |
| International Standard Book Number |
9780763653774 (pbk.) |
| 040 ## - CATALOGING SOURCE |
| Modifying agency |
SCU |
| Transcribing agency |
KH8 |
| 042 ## - AUTHENTICATION CODE |
| Authentication code |
nbic |
| 082 ## - DEWEY DECIMAL CLASSIFICATION NUMBER |
| Classification number |
FIC AND |
| 100 1# - MAIN ENTRY--PERSONAL NAME |
| Personal name |
Anderson, M. T. |
| Relator term |
author |
| 245 14 - TITLE STATEMENT |
| Title |
The kingdom on the waves / |
| Statement of responsibility, etc. |
taken from accounts by his own hand and other sundry sources ; collected by M.T. Anderson of Boston. |
| 250 ## - EDITION STATEMENT |
| Edition statement |
1st pbk. ed. |
| 260 ## - PUBLICATION, DISTRIBUTION, ETC. |
| Place of publication, distribution, etc. |
Somerville, Mass. : |
| Name of publisher, distributor, etc. |
Candlewick Press, |
| Date of publication, distribution, etc. |
2009,c2008. |
| 300 ## - PHYSICAL DESCRIPTION |
| Extent |
561 p. : |
| Other physical details |
maps ; |
| Dimensions |
21 cm. |
| 490 1# - SERIES STATEMENT |
| Series statement |
The astonishing life of Octavian Nothing, traitor to the nation ; |
| Volume/sequential designation |
v. 2. |
| 500 ## - GENERAL NOTE |
| General note |
Originally published: 2008. |
| 520 ## - SUMMARY, ETC. |
| Summary, etc. |
When he and his tutor escape to British-occupied Boston, Octavian learns of Lord Dunmore's proclamation offering freedom to slaves who join the counterrevolutionary Royal Ethiopian Regiment. |
| 650 #0 - SUBJECT ADDED ENTRY--TOPICAL TERM |
| Topical term or geographic name entry element |
African Americans |
| Form subdivision |
Juvenile fiction. |
| 651 #0 - SUBJECT ADDED ENTRY--GEOGRAPHIC NAME |
| Geographic name |
United States |
| General subdivision |
History |
| Chronological subdivision |
Revolution, 1775-1783 |
| General subdivision |
Naval operations, British |
| Form subdivision |
Juvenile fiction. |
| 830 #0 - SERIES ADDED ENTRY--UNIFORM TITLE |
| Uniform title |
The astonishing life of Octavian Nothing, traitor to the nation ; |
| Volume/sequential designation |
v. 2. |
| 942 ## - ADDED ENTRY ELEMENTS (KOHA) |
| Source of classification or shelving scheme |
|
| Koha item type |
Books - Fiction |